[Event "Russian Championship G17 2016"]
[Site "Loo"]
[Date "2016.04.23"]
[Round "4.13"]
[White "Potapova, Margarita"]
[Black "Simakova, Elena"]
[Result "0-1"]
[WhiteElo "2109"]
[BlackElo "1826"]
[PlyCount "92"]
[EventDate "2016.04.20"]

1. d4 Nf6 2. Nc3 d5 3. Bg5 e6 4. e4 dxe4 5. Nxe4 Be7 6. Bxf6 Bxf6 7. Nf3 O-O 8.
c3 Nd7 9. Bd3 Qe7 10. g4 g6 11. Nxf6+ Qxf6 12. Qe2 c5 13. g5 Qf4 14. Qe3 Qxe3+
15. fxe3 b6 16. Ke2 Bb7 17. e4 cxd4 18. cxd4 Rac8 19. e5 Rfd8 20. Rad1 Nb8 21.
Bb1 Rc4 22. Nd2 Rcxd4 23. Rhe1 Ba6+ 24. Ke3 Nc6 25. Rc1 Nxe5 26. Ne4 Nc4+ 27.
Kf2 Kg7 28. Kg3 Nd2 29. Nxd2 Rxd2 30. Be4 Bd3 31. Bf3 Bf5 32. Rc7 R8d7 33. Rec1
h6 34. h4 f6 35. gxf6+ Kxf6 36. Rc8 R7d3 37. R1c4 g5 38. Rf8+ Kg7 39. Rcc8 g4
40. Rg8+ Kf6 41. Rcf8+ Ke5 42. Rxg4 Bxg4 43. Kxg4 Rd4+ 44. Kh5 Rf4 45. Rxf4
Kxf4 46. Bg4 Rd5+ 0-1

[Event "Russian Championship G17 2016"]
[Site "Loo"]
[Date "2016.04.23"]
[Round "4.14"]
[White "Protasova, Anastasia"]
[Black "Yanuchenko, Polina"]
[Result "0-1"]
[WhiteElo "1843"]
[BlackElo "2092"]
[PlyCount "52"]
[EventDate "2016.04.20"]

1. d4 d5 2. c4 e6 3. Nf3 c6 4. e3 Nf6 5. Nc3 Nbd7 6. Qc2 Bd6 7. Bd3 O-O 8. O-O
dxc4 9. Bxc4 b5 10. Bd3 Bb7 11. e4 e5 12. Bg5 exd4 13. Rad1 Qc7 14. e5 Bxe5 15.
Ne4 Nd5 16. Ng3 h6 17. Bd2 a6 18. Bh7+ Kh8 19. Nxe5 Nxe5 20. Be4 c5 21. f4 Ng4
22. Nf5 Rac8 23. h4 Ngf6 24. Bf3 Qb6 25. Kh2 c4 26. Bxd5 Nxd5 0-1

[Event "Russian Championship G17 2016"]
[Site "Loo"]
[Date "2016.04.23"]
[Round "4.15"]
[White "Mukhtarova, Anastasiia"]
[Black "Zhemchuzhina, Elizaveta"]
[Result "0-1"]
[WhiteElo "1877"]
[BlackElo "2000"]
[PlyCount "70"]
[EventDate "2016.04.20"]

1. c4 e6 2. Nf3 Nf6 3. e3 c5 4. b3 Be7 5. Bb2 O-O 6. Be2 d5 7. O-O Nc6 8. cxd5
Nxd5 9. a3 b6 10. Qc2 Bb7 11. d3 Rc8 12. Nbd2 Bd6 13. Rac1 Bb8 14. Nc4 f6 15.
Rfd1 Qe7 16. Qb1 e5 17. Bf1 Kh8 18. d4 e4 19. dxc5 exf3 20. Rxd5 Ne5 21. Rdd1
fxg2 22. Bxg2 Nf3+ 23. Bxf3 Bxf3 24. Nd6 Bxd6 25. cxd6 Qd7 26. Rxc8 Qg4+ 27.
Kf1 Qg2+ 28. Ke1 Qg1+ 29. Kd2 Qxf2+ 30. Kd3 Be2+ 31. Kd4 Rxc8 32. Rc1 Rd8 33.
Qe4 Bf3 34. Qe7 Qd2+ 35. Kc4 Be2# 0-1

[Event "Russian Championship G17 2016"]
[Site "Loo"]
[Date "2016.04.23"]
[Round "4.16"]
[White "Makhno, Maria"]
[Black "Teryaeva, Valeria"]
[Result "1-0"]
[WhiteElo "1962"]
[BlackElo "1929"]
[PlyCount "99"]
[EventDate "2016.04.20"]

1. d4 f5 2. Nc3 Nf6 3. Bg5 d5 4. f3 e6 5. e4 Be7 6. Qd2 c5 7. Bb5+ Bd7 8. exf5
exf5 9. Nge2 Bxb5 10. Nxb5 a6 11. Nbc3 c4 12. Qe3 O-O 13. Qe6+ Kh8 14. Bxf6
Rxf6 15. Qxd5 Qc7 16. Ng3 Rd6 17. Qxf5 Rxd4 18. Nge4 Nc6 19. O-O Nb4 20. Qe6
Rad8 21. Rac1 Nd5 22. Nxd5 R4xd5 23. Rfe1 h6 24. c3 Bh4 25. g3 Be7 26. Kg2 Kh7
27. Qf7 Kh8 28. Nf2 R5d7 29. Rcd1 Bf6 30. Re8+ Kh7 31. Qg8+ Kg6 32. Rxd8 Qxd8
33. Qxd8 Rxd8 34. Rxd8 Bxd8 35. Ne4 Be7 36. a4 b5 37. axb5 axb5 38. g4 h5 39.
h3 hxg4 40. hxg4 Kf7 41. Kg3 g5 42. f4 gxf4+ 43. Kxf4 b4 44. Ke5 bxc3 45. bxc3
Bd8 46. Kd5 Be7 47. Nd6+ Kg6 48. Nxc4 Kg5 49. Ne5 Kf4 50. Ng6+ 1-0

[Event "Russian Championship G17 2016"]
[Site "Loo"]
[Date "2016.04.23"]
[Round "4.17"]
[White "Kovaleva, Ekaterina"]
[Black "Kosheparova, Tatiana"]
[Result "1-0"]
[WhiteElo "1786"]
[BlackElo "1933"]
[PlyCount "91"]
[EventDate "2016.04.20"]

1. e4 c5 2. Nf3 d6 3. d4 cxd4 4. Nxd4 Nf6 5. f3 Nc6 6. c4 g6 7. Nc3 Bg7 8. Be3
O-O 9. Qd2 Bd7 10. Be2 Rc8 11. Nxc6 bxc6 12. O-O Qc7 13. Rab1 Rfd8 14. Rbd1 Be6
15. Qe1 a5 16. Na4 Rb8 17. Qf2 Nd7 18. b3 f5 19. Bd3 Rf8 20. Rfe1 f4 21. Ba7
Ra8 22. Bd4 Ne5 23. Bf1 g5 24. c5 Rab8 25. cxd6 exd6 26. Bb6 Qe7 27. Bxa5 g4
28. Be2 h5 29. Bc3 Qg5 30. Kf1 g3 31. Qg1 Ra8 32. Rc1 h4 33. h3 Rxa4 34. bxa4
Nc4 35. Bd3 Ne3+ 36. Rxe3 fxe3 37. Ke2 c5 38. Bxg7 Qxg7 39. Qxe3 Qe5 40. Bc4
Bxc4+ 41. Rxc4 Rb8 42. Rc2 Rb4 43. a5 Ra4 44. Qb3+ d5 45. Qxa4 d4 46. Qc4+ 1-0

[Event "Russian Championship G17 2016"]
[Site "Loo"]
[Date "2016.04.23"]
[Round "4.18"]
[White "Shelepneva, Darya"]
[Black "Yurovskikh, Yasmin"]
[Result "1/2-1/2"]
[WhiteElo "1780"]
[BlackElo "1892"]
[PlyCount "80"]
[EventDate "2016.04.20"]

1. e4 c5 2. Nf3 d6 3. d4 cxd4 4. Nxd4 Nf6 5. Nc3 g6 6. Be3 Bg7 7. f3 O-O 8. Qd2
Nc6 9. g4 Be6 10. Nxe6 fxe6 11. O-O-O Nd7 12. f4 Qa5 13. Bc4 Nd8 14. Ne2 Qxd2+
15. Bxd2 Nf6 16. Nd4 Nxe4 17. Nxe6 Nxe6 18. Bxe6+ Kh8 19. Be3 Nc5 20. Bxc5 dxc5
21. f5 gxf5 22. gxf5 Rad8 23. c3 Rd6 24. Rxd6 exd6 25. Rg1 h6 26. Kc2 b5 27. h3
d5 28. Bxd5 Rxf5 29. Rd1 Bf6 30. Bc6 b4 31. Rd5 Rxd5 32. Bxd5 Kg7 33. cxb4 cxb4
34. b3 Kg6 35. Be6 Be5 36. Bd7 Kg5 37. Bc8 Bf6 38. Be6 Be7 39. Bc8 Bf6 40. Be6
Be5 1/2-1/2

[Event "Russian Championship G17 2016"]
[Site "Loo"]
[Date "2016.04.23"]
[Round "4.19"]
[White "Bocharova, Anastasia"]
[Black "Dorofeeva, Nyurguiaana"]
[Result "1-0"]
[WhiteElo "1612"]
[BlackElo "1851"]
[PlyCount "89"]
[EventDate "2016.04.20"]

1. Nf3 d5 2. d4 Nf6 3. Bf4 c5 4. e3 Nc6 5. c3 Qb6 6. Qc2 c4 7. Nbd2 g6 8. e4
Nxe4 9. Nxe4 dxe4 10. Nd2 Na5 11. Nxc4 Nxc4 12. Bxc4 Bg7 13. O-O O-O 14. b3 Bf5
15. Qe2 Rac8 16. Rac1 Rfe8 17. g4 Bd7 18. Rfd1 Qf6 19. Bg3 Qf3 20. Qxf3 exf3
21. h3 b5 22. Bd5 Bc6 23. Bxc6 Rxc6 24. Bf4 Rec8 25. Rd3 e6 26. Kh2 b4 27. c4
Rd8 28. Rcd1 Ra6 29. R3d2 Ra3 30. Kg3 a5 31. Be3 a4 32. bxa4 Rxa4 33. Rb1 e5
34. d5 e4 35. c5 Bc3 36. Rdd1 Rxa2 37. c6 Be5+ 38. Bf4 Bxf4+ 39. Kxf4 Rc2 40.
Rxb4 Rc5 41. Kxe4 f5+ 42. gxf5 gxf5+ 43. Kxf3 Rdxd5 44. Rxd5 Rxd5 45. c7 1-0

[Event "Russian Championship G17 2016"]
[Site "Loo"]
[Date "2016.04.23"]
[Round "4.20"]
[White "Milovanova, Maria"]
[Black "Kazak, Natalia"]
[Result "1-0"]
[WhiteElo "1844"]
[BlackElo "1784"]
[PlyCount "75"]
[EventDate "2016.04.20"]

1. d4 Nf6 2. c4 g6 3. Nc3 Bg7 4. e4 d6 5. f3 O-O 6. Be3 Nbd7 7. Nh3 c5 8. d5
Nb6 9. Nf2 Nfd7 10. Qd2 Ne5 11. b3 Rb8 12. Be2 Na8 13. O-O Nc7 14. Bh6 a6 15.
a4 a5 16. Bxg7 Kxg7 17. f4 Nd7 18. Nd3 Na6 19. Rf3 Nf6 20. Rg3 Nb4 21. Nf2 Rh8
22. Rf1 Bd7 23. Nh3 Qc7 24. f5 Rbg8 25. Ng5 Kf8 26. fxg6 hxg6 27. e5 dxe5 28.
d6 Qd8 29. dxe7+ Kxe7 30. Qe3 Qc7 31. Nb5 Bxb5 32. Rxf6 Rf8 33. Ne4 Be8 34. Qg5
Qb8 35. Rxf7+ Kxf7 36. Qf6+ Kg8 37. Rxg6+ Bxg6 38. Qxg6# 1-0

[Event "Russian Championship G17 2016"]
[Site "Loo"]
[Date "2016.04.23"]
[Round "4.21"]
[White "Dekalyuk, Anastasiya"]
[Black "Perfilova, Maria"]
[Result "0-1"]
[WhiteElo "1554"]
[BlackElo "1844"]
[PlyCount "48"]
[EventDate "2016.04.20"]

1. e4 c5 2. Nf3 d6 3. Bb5+ Nd7 4. O-O Ngf6 5. Re1 a6 6. Bf1 b5 7. d4 cxd4 8.
Nxd4 Bb7 9. f3 g6 10. Be3 Bg7 11. c4 bxc4 12. Bxc4 O-O 13. Nc3 Ne5 14. Bb3 d5
15. exd5 Nxd5 16. Bxd5 Bxd5 17. Nxd5 Qxd5 18. Nf5 Nxf3+ 19. Qxf3 Qxf5 20. Qxf5
gxf5 21. Bc5 Bxb2 22. Rab1 Rfb8 23. Rxe7 Bd4+ 24. Kf1 Rxb1+ 0-1

[Event "Russian Championship G17 2016"]
[Site "Loo"]
[Date "2016.04.23"]
[Round "4.22"]
[White "Spiridonova, Yana"]
[Black "Alekseeva, Angelina"]
[Result "1-0"]
[WhiteElo "1824"]
[BlackElo "1619"]
[PlyCount "93"]
[EventDate "2016.04.20"]

1. d4 d5 2. c4 e6 3. Nc3 Nf6 4. Bg5 Be7 5. Nf3 O-O 6. e3 h6 7. Bh4 b6 8. Be2
Bb7 9. O-O Nbd7 10. Rc1 Rc8 11. cxd5 Nxd5 12. Bxe7 Qxe7 13. Qa4 a6 14. Nxd5
exd5 15. b4 b5 16. Qb3 Nb6 17. Rfd1 Nc4 18. Ne1 Rcd8 19. Nd3 f5 20. Bf3 g5 21.
Rc2 g4 22. Be2 Qg5 23. Nf4 Rfe8 24. a4 Re7 25. axb5 axb5 26. Ra1 Rde8 27. g3 h5
28. h4 gxh3 29. Bxh5 Rxe3 30. Rc3 Rxc3 31. Qxc3 Re4 32. Qc1 Qf6 33. Ra7 Qb6 34.
Qa1 Nd2 35. Kh2 Nb3 36. Qa2 Rxd4 37. Rxb7 Qxb7 38. Qxb3 c6 39. Qc3 Rc4 40. Qf6
Qg7 41. Qe6+ Kh8 42. Ng6+ Kh7 43. Ne7 Re4 44. Bg6+ Kh6 45. Nxf5+ Kg5 46. f4+
Kg4 47. Nxg7+ 1-0

[Event "Russian Championship G17 2016"]
[Site "Loo"]
[Date "2016.04.23"]
[Round "4.23"]
[White "Grigorian, Ivetta"]
[Black "Shojhet, Sofiy"]
[Result "0-1"]
[WhiteElo "1446"]
[BlackElo "1807"]
[PlyCount "84"]
[EventDate "2016.04.20"]

1. e4 e5 2. Nf3 Nc6 3. Nc3 Nf6 4. g3 d6 5. Bg2 Be7 6. d3 O-O 7. O-O Be6 8. h3
Qd7 9. Kh2 h6 10. Ne1 Nh7 11. f4 exf4 12. gxf4 f5 13. Rg1 Bf6 14. Nf3 Nd4 15.
Be3 Nxf3+ 16. Qxf3 c6 17. Bh1 Kh8 18. Qg3 Rg8 19. e5 Be7 20. Bf3 g5 21. Qf2
dxe5 22. fxe5 f4 23. Bd4 c5 24. Bxc5 Bxc5 25. Qxc5 Bxh3 26. Nd5 Rac8 27. Qe7
Rxc2+ 28. Kh1 Qxe7 29. Nxe7 Rg7 30. Nd5 Rf2 31. Bg2 Bxg2+ 32. Rxg2 Rxg2 33.
Kxg2 Rd7 34. Nb4 a5 35. Nc2 Rxd3 36. Rc1 Nf8 37. Kf2 Ne6 38. Ke2 Rd5 39. Kf3
Rxe5 40. Rd1 h5 41. Nd4 Rd5 42. Ke4 Rxd4+ 0-1

[Event "Russian Championship G17 2016"]
[Site "Loo"]
[Date "2016.04.23"]
[Round "4.24"]
[White "Shabunova, Ekaterina"]
[Black "Elkina, Yuliya"]
[Result "1-0"]
[WhiteElo "1805"]
[BlackElo "1559"]
[PlyCount "103"]
[EventDate "2016.04.20"]

1. e4 e6 2. d4 b6 3. Nf3 Bb7 4. Bd3 Nf6 5. Qe2 d6 6. O-O Be7 7. Rd1 Nbd7 8. e5
Nd5 9. a3 c5 10. c4 Nc7 11. d5 dxe5 12. dxe6 Nxe6 13. Nxe5 Nxe5 14. Qxe5 Qc7
15. Qxc7 Nxc7 16. Bf5 Bc6 17. Re1 Bd7 18. Be4 O-O-O 19. Nc3 Bd6 20. b3 Rhe8 21.
Bb2 f5 22. Bf3 Be5 23. g3 g6 24. Rad1 Bd4 25. Ba1 Rxe1+ 26. Rxe1 Re8 27. Rd1 g5
28. Kf1 g4 29. Bg2 h5 30. Nd5 Bxa1 31. Rxa1 Nxd5 32. Bxd5 Re7 33. Rd1 Kc7 34.
Rd3 Bc6 35. Bxc6 Kxc6 36. Rd5 Rf7 37. Ke2 b5 38. Re5 bxc4 39. bxc4 f4 40. Rxh5
fxg3 41. hxg3 Rf3 42. Rh6+ Kb7 43. Rg6 Rxa3 44. Rxg4 a5 45. f4 Rc3 46. f5 a4
47. f6 Rc2+ 48. Kd3 Rf2 49. Rf4 Rg2 50. f7 Rxg3+ 51. Ke4 a3 52. f8=Q 1-0

[Event "Russian Championship G17 2016"]
[Site "Loo"]
[Date "2016.04.23"]
[Round "4.26"]
[White "Kheyfets, Nataliya"]
[Black "Chistyakova, Daria"]
[Result "1-0"]
[WhiteElo "2035"]
[BlackElo "1857"]
[PlyCount "93"]
[EventDate "2016.04.20"]

1. e4 e5 2. Nf3 Nc6 3. Bb5 a6 4. Ba4 Nf6 5. O-O b5 6. Bb3 Be7 7. Re1 O-O 8. c3
d5 9. exd5 Nxd5 10. Nxe5 Nxe5 11. Rxe5 c6 12. d4 Bd6 13. Re1 Qh4 14. g3 Qh3 15.
Be3 Bg4 16. Qd3 Nf4 17. Bxf4 Bxf4 18. Qe4 Bg5 19. f4 Bh6 20. Nd2 Kh8 21. Qxc6
Qh5 22. Bd1 f5 23. Bxg4 Qxg4 24. Qf3 Qh3 25. Qg2 Qh5 26. Nf3 Rad8 27. Re6 a5
28. Rae1 g5 29. fxg5 Bxg5 30. Nxg5 Qxg5 31. R6e5 Rb8 32. Qf3 Qg8 33. Rxf5 Rfe8
34. Rxe8 Rxe8 35. d5 Qg7 36. Kg2 Qe7 37. Rf7 Qd6 38. Qf5 Qh6 39. Qf6+ Qxf6 40.
Rxf6 Kg7 41. Rf2 Rd8 42. Rf5 Rd6 43. Kf3 Kg6 44. Ke4 h5 45. h4 Rd8 46. Rg5+ Kh6
47. Kd4 1-0

[Event "Russian Championship G17 2016"]
[Site "Loo"]
[Date "2016.04.23"]
[Round "4.27"]
[White "Shafigullina, Zarina"]
[Black "Senkova, Darya"]
[Result "1-0"]
[WhiteElo "1930"]
[BlackElo "1685"]
[PlyCount "70"]
[EventDate "2016.04.20"]

1. Nf3 Nf6 2. c4 c5 3. g3 Nc6 4. Bg2 d5 5. cxd5 Nxd5 6. O-O e5 7. Nc3 Be6 8. d3
Be7 9. Bd2 O-O 10. Rc1 h6 11. a3 Rc8 12. Ne4 b6 13. h4 f5 14. Nc3 f4 15. Nxd5
Bxd5 16. Bc3 Qd6 17. Nd2 Bxg2 18. Kxg2 Qg6 19. Rh1 Rf5 20. Qb3+ Kh8 21. h5 Rxh5
22. Rxh5 Qxh5 23. Qe6 Rc7 24. g4 Qh4 25. Ne4 Bd8 26. Rh1 Qe7 27. Qg6 Qf8 28. g5
Qf7 29. Qd6 Qd7 30. Qxd7 Rxd7 31. gxh6 Kg8 32. hxg7 Rxg7+ 33. Kf3 Nd4+ 34. Bxd4
exd4 35. Rh5 Be7 {запись неразбор~~ива} 1-0

[Event "Russian Championship G17 2016"]
[Site "Loo"]
[Date "2016.04.23"]
[Round "4.28"]
[White "Borodina, Tatiana"]
[Black "Bychenkova, Yulia"]
[Result "0-1"]
[WhiteElo "1721"]
[BlackElo "1696"]
[PlyCount "112"]
[EventDate "2016.04.20"]

1. e4 c5 2. Nf3 Nc6 3. c4 d6 4. d4 cxd4 5. Nxd4 Nf6 6. Nc3 g6 7. Be2 Bg7 8. Be3
O-O 9. O-O Bd7 10. Rc1 Rc8 11. Qd2 Re8 12. f3 Ne5 13. b3 a6 14. Rfd1 Qa5 15.
Nd5 Qxd2 16. Nxf6+ Bxf6 17. Rxd2 Nc6 18. Nxc6 Rxc6 19. Rcd1 Be6 20. f4 h5 21.
h3 Bg7 22. Bf3 Rc7 23. e5 dxe5 24. fxe5 b5 25. Bb6 Rcc8 26. cxb5 axb5 27. Bb7
Rb8 28. Bc6 Rec8 29. Rd8+ Kh7 30. Bc7 Rxc7 31. Rxb8 Rxc6 32. Rxb5 Rc2 33. a4
Rb2 34. b4 Bb3 35. Ra1 Bc4 36. Rb7 Bxe5 37. Rd7 Rxb4 38. Re1 Bd6 39. Ra1 Be6
40. Rd8 Rb2 41. a5 Bd5 42. a6 Bc5+ 43. Kf1 Bc4+ 44. Ke1 Bb4+ 45. Kd1 Bxa6 46.
Rxa6 Rxg2 47. Rd3 Kg7 48. Ra4 Bd6 49. Ke1 Rg3 50. Rxg3 Bxg3+ 51. Ke2 f5 52. Kf3
h4 53. Ra8 e5 54. Ra6 Kh6 55. Re6 Kg5 56. Kg2 e4 0-1

[Event "Russian Championship G19 2016"]
[Site "Loo"]
[Date "2016.04.23"]
[Round "4.1"]
[White "Rodionova, Daria"]
[Black "Yakimenko, Viktoria"]
[Result "1-0"]
[WhiteElo "2212"]
[BlackElo "2056"]
[PlyCount "111"]
[EventDate "2016.04.20"]

1. e4 c5 2. Nf3 d6 3. d4 cxd4 4. Nxd4 Nf6 5. Nc3 a6 6. h3 b5 7. g4 e5 8. Nf5 h6
9. g5 Nxe4 10. Nxg7+ Bxg7 11. Nxe4 d5 12. gxh6 Bxh6 13. Qxd5 Qxd5 14. Nf6+ Kf8
15. Bxh6+ Rxh6 16. Nxd5 Bf5 17. Bg2 Nc6 18. c3 Rc8 19. Rd1 e4 20. Ke2 Ne5 21.
Ne3 Bg6 22. Ng4 Bh5 23. Bxe4 Nxg4 24. hxg4 Bxg4+ 25. f3 Rxh1 26. Rxh1 Bd7 27.
Rh8+ Ke7 28. Rxc8 Bxc8 29. Ke3 Be6 30. b3 a5 31. Kd4 Kd6 32. Bd3 Bd7 33. a3 f6
34. f4 Be8 35. Be4 Bf7 36. Bc2 Be6 37. c4 bxc4 38. bxc4 Bd7 39. c5+ Kc7 40. Kd5
Bc8 41. Ba4 Bf5 42. Kc4 Be4 43. Kb5 Kd7 44. Kb6+ Ke6 45. c6 Kd6 46. c7 Bf5 47.
Bc6 Bc8 48. Bb7 Kd7 49. Bc6+ Kd6 50. a4 f5 51. Bb5 Kd5 52. Ba6 Bd7 53. c8=Q
Bxc8 54. Bxc8 Ke4 55. Kxa5 Kxf4 56. Kb6 1-0

[Event "Russian Championship G19 2016"]
[Site "Loo"]
[Date "2016.04.23"]
[Round "4.2"]
[White "Marjina, Arina"]
[Black "Obolentseva, Alexandra"]
[Result "0-1"]
[WhiteElo "2024"]
[BlackElo "2315"]
[PlyCount "104"]
[EventDate "2016.04.20"]

1. d4 Nf6 2. c4 g6 3. Nc3 Bg7 4. e4 d6 5. Be2 O-O 6. Be3 c5 7. Nf3 Ng4 8. Bg5
h6 9. Bh4 cxd4 10. Nxd4 Ne5 11. O-O Nbc6 12. Nc2 Nd7 13. Qd2 Nc5 14. Rad1 g5
15. Bg3 Bxc3 16. Qxc3 Nxe4 17. Qf3 f5 18. h4 Nxg3 19. Qxg3 f4 20. Qb3 Qb6 21.
Qc3 Qa5 22. Qxa5 Nxa5 23. hxg5 hxg5 24. Rd5 Rf5 25. Bd3 Re5 26. Rxe5 dxe5 27.
Nb4 Be6 28. b3 Kf7 29. Re1 Kf6 30. Be4 Rd8 31. Nd3 Bg8 32. Kf1 g4 33. Re2 Nc6
34. Bxc6 bxc6 35. Nb4 Bh7 36. Ke1 Rc8 37. Rd2 Bf5 38. Nd3 Rh8 39. g3 Rh1+ 40.
Ke2 f3+ 41. Ke3 Bxd3 42. Kxd3 Re1 43. b4 e4+ 44. Kc2 e3 45. fxe3 Rxe3 46. b5
cxb5 47. cxb5 Re5 48. a4 Rc5+ 49. Kd1 Rc4 50. Ra2 Rb4 51. Ke1 e5 52. Kf2 e4 0-1

[Event "Russian Championship G19 2016"]
[Site "Loo"]
[Date "2016.04.23"]
[Round "4.3"]
[White "Mamontova, Anastasia"]
[Black "Antipova, Anastasia"]
[Result "1-0"]
[WhiteElo "2065"]
[BlackElo "2103"]
[PlyCount "77"]
[EventDate "2016.04.20"]

1. d4 Nf6 2. c4 g6 3. Nc3 d5 4. Nf3 Bg7 5. Qb3 dxc4 6. Qxc4 Bg4 7. e4 Nfd7 8.
Ng5 O-O 9. h3 Nb6 10. Qb3 Bd7 11. Be3 e5 12. dxe5 Bxe5 13. f4 Bf6 14. O-O-O Nc6
15. h4 Qe7 16. e5 Bxg5 17. hxg5 Bf5 18. Be2 Rfd8 19. g4 Be6 20. Qc2 Nb4 21. Qb1
N6d5 22. Nxd5 Bxd5 23. b3 Bxh1 24. Rxh1 Nd5 25. Bd2 Nb4 26. Be3 Qe6 27. Kb2 Nd5
28. Bc1 f6 29. gxf6 Nxf6 30. Bc4 Nd5 31. Qe4 c6 32. f5 Qf7 33. Bg5 Re8 34. Rf1
Kg7 35. e6 Nf6 36. Qd4 Qe7 37. fxg6 Rf8 38. Bxf6+ Rxf6 39. g5 1-0

[Event "Russian Championship G19 2016"]
[Site "Loo"]
[Date "2016.04.23"]
[Round "4.4"]
[White "Solozhenkina, Elizaveta"]
[Black "Arutyunova, Asya"]
[Result "1/2-1/2"]
[WhiteElo "2137"]
[BlackElo "1941"]
[PlyCount "171"]
[EventDate "2016.04.20"]

1. e4 c5 2. Nf3 e6 3. d4 cxd4 4. Nxd4 Nc6 5. Nc3 a6 6. Nxc6 bxc6 7. Bd3 d5 8.
O-O Nf6 9. e5 Nd7 10. Re1 Qc7 11. f4 Be7 12. Ne2 Nc5 13. Be3 Nxd3 14. cxd3 c5
15. Rc1 Qa5 16. Qc2 O-O 17. Bxc5 Bxc5+ 18. Qxc5 Qxa2 19. Qb6 Qa4 20. Nd4 Bd7
21. b3 Rab8 22. Qa7 Qb4 23. Nf3 Bb5 24. f5 Bxd3 25. fxe6 fxe6 26. Qe3 Qe4 27.
Qd2 Qg6 28. Nd4 Bb5 29. Rc7 Rbc8 30. Re7 Rfe8 31. Qb4 Rxe7 32. Qxe7 Re8 33. Qd6
Qg4 34. Qb6 h6 35. Kh1 Kh8 36. Nxb5 Qb4 37. Qf2 Qxb5 38. Qf3 Qb4 39. Rf1 d4 40.
Qf7 Qe7 41. Qf3 Rd8 42. Qd3 a5 43. h3 Qc5 44. Qg3 d3 45. Kh2 d2 46. Rf7 Rg8 47.
Rd7 Qc1 48. Qf3 Qe1 49. g3 Rc8 50. h4 Qxe5 51. Rxd2 Rc3 52. Qf2 Qe3 53. Qxe3
Rxe3 54. Rd8+ Kh7 55. Rb8 Kg6 56. Rb5 Kf6 57. Rxa5 Rxb3 58. Kg2 e5 59. Ra8 Kf5
60. Kf2 Kg4 61. Ra7 Rb2+ 62. Kf1 g5 63. hxg5 hxg5 64. Rg7 e4 65. Rg8 Kf3 66.
Ke1 g4 67. Rf8+ Kxg3 68. Re8 Kf3 69. Rf8+ Ke3 70. Kf1 g3 71. Rg8 Rf2+ 72. Kg1
Kf3 73. Rf8+ Ke2 74. Rg8 g2 75. Ra8 e3 76. Rb8 Rf1+ 77. Kxg2 Rd1 78. Rh8 Ke1
79. Kf3 Rd3 80. Ke4 Kd2 81. Ra8 Rc3 82. Ra2+ Kd1 83. Ra1+ Ke2 84. Kd4 Rc2 85.
Ra3 Rd2+ 86. Ke4 1/2-1/2

[Event "Russian Championship G19 2016"]
[Site "Loo"]
[Date "2016.04.23"]
[Round "4.5"]
[White "Chekmareva, Liya"]
[Black "Matiukova, Uliana"]
[Result "1/2-1/2"]
[WhiteElo "2043"]
[BlackElo "2161"]
[PlyCount "71"]
[EventDate "2016.04.20"]

1. e4 c5 2. Nf3 d6 3. d4 cxd4 4. Nxd4 Nf6 5. f3 a6 6. c4 Qc7 7. Nc3 e6 8. Be3
b6 9. Be2 Bb7 10. O-O Nbd7 11. a4 Be7 12. a5 O-O 13. Nb3 Rac8 14. Na4 bxa5 15.
Qd2 d5 16. cxd5 Bb4 17. Qd4 exd5 18. Bf4 Qc6 19. Rfc1 Qe6 20. Bf1 dxe4 21. Bc4
Bd5 22. Bxd5 Nxd5 23. Bd2 Rxc1+ 24. Rxc1 N7b6 25. Bxb4 axb4 26. Nxb6 Qxb6 27.
Qxb6 Nxb6 28. Rc6 Rb8 29. Nc5 a5 30. Na6 Rb7 31. Nc5 Rb8 32. Na6 Rb7 33. Nc5
Rb8 34. Na6 Rb7 35. Nc5 Rb8 36. Na6 1/2-1/2

[Event "Russian Championship G19 2016"]
[Site "Loo"]
[Date "2016.04.23"]
[Round "4.6"]
[White "Maslova, Polina"]
[Black "Ochneva, Inga"]
[Result "1-0"]
[WhiteElo "2096"]
[BlackElo "2042"]
[PlyCount "97"]
[EventDate "2016.04.20"]

1. e4 c5 2. Nf3 e6 3. d4 cxd4 4. Nxd4 Nc6 5. Nc3 Nf6 6. Ndb5 Bb4 7. a3 Bxc3+ 8.
Nxc3 d5 9. exd5 exd5 10. Bd3 O-O 11. O-O Bg4 12. Ne2 Re8 13. Bg5 h6 14. Bh4 Ne5
15. f3 Be6 16. Bf2 a6 17. c3 Rc8 18. Re1 Nc4 19. Qc2 Nd7 20. Nd4 Nde5 21. Bh7+
Kh8 22. b3 Nxa3 23. Rxa3 g6 24. Bg3 Nd7 25. Nxe6 Qf6 26. Qd2 fxe6 27. Qxh6 Qg7
28. Qxg6 Qxh7 29. Rxe6 Qxg6 30. Rxg6 Rxc3 31. h4 Nc5 32. Ra5 Kh7 33. Rd6 Re2
34. Rxd5 Rc1+ 35. Kh2 b6 36. Ra3 a5 37. Rd6 Rcc2 38. b4 Ne6 39. bxa5 Rxg2+ 40.
Kh3 Ng7 41. Rd7 bxa5 42. Rxa5 Rgd2 43. Rb7 Rb2 44. Rba7 Re2 45. Rg5 Kh8 46. Be5
Rbc2 47. Bxg7+ Kh7 48. Bd4+ Kh6 49. Ra6+ 1-0

[Event "Russian Championship G19 2016"]
[Site "Loo"]
[Date "2016.04.23"]
[Round "4.7"]
[White "Kalinovskaya, Lyudmila"]
[Black "Lysenko, Margarita"]
[Result "0-1"]
[WhiteElo "1618"]
[BlackElo "2071"]
[PlyCount "100"]
[EventDate "2016.04.20"]

1. d4 d5 2. c4 c6 3. Nc3 Nf6 4. Nf3 a6 5. c5 Nbd7 6. Bf4 Nh5 7. Bg5 h6 8. Bh4
g5 9. Bg3 Nxg3 10. hxg3 Bg7 11. e3 e5 12. Nxe5 Nxe5 13. dxe5 Bxe5 14. Qc2 Qa5
15. f4 Bf6 16. Bd3 Qxc5 17. Kf1 Kf8 18. Re1 Bg4 19. e4 gxf4 20. gxf4 Qd4 21.
Be2 Bxe2+ 22. Rxe2 Re8 23. Qb3 b5 24. Qc2 Qc4 25. exd5 cxd5 26. Qd2 Bxc3 27.
bxc3 Re4 28. Rh5 Kg7 29. f5 Rxe2 30. Qxe2 Re8 31. Qxc4 dxc4 32. f6+ Kg6 33. Rd5
Kxf6 34. Kf2 Re5 35. Rd6+ Re6 36. Rd5 Ke7 37. a4 Rb6 38. a5 Rd6 39. Re5+ Kd7
40. Rh5 Rd2+ 41. Kf1 Ra2 42. Rxh6 Rxa5 43. Rf6 Ke7 44. Rb6 Ra3 45. Ke1 Rxc3 46.
Rxa6 b4 47. Kd1 b3 48. Rb6 f5 49. Kd2 Rc2+ 50. Ke3 b2 0-1

[Event "Russian Championship G19 2016"]
[Site "Loo"]
[Date "2016.04.23"]
[Round "4.8"]
[White "Alekseeva, Irina"]
[Black "Yakimenko, Anastasia"]
[Result "1-0"]
[WhiteElo "2177"]
[BlackElo "2050"]
[PlyCount "79"]
[EventDate "2016.04.20"]

1. e4 c5 2. Nf3 Nc6 3. d4 cxd4 4. Nxd4 e5 5. Nb5 a6 6. Nd6+ Bxd6 7. Qxd6 Qf6 8.
Qd1 Qg6 9. f3 Nge7 10. Nc3 O-O 11. Be3 d5 12. Nxd5 Nxd5 13. Qxd5 Be6 14. Qd2
Rad8 15. Qf2 f5 16. Bc5 Rf7 17. exf5 Qxf5 18. Bd3 Qf6 19. O-O Nd4 20. Rad1 Bd5
21. c3 Ne6 22. Bb6 Rdd7 23. Be3 g5 24. c4 Bc6 25. b4 Qg7 26. Qc2 Nd4 27. Bxd4
Rxd4 28. a4 g4 29. b5 axb5 30. axb5 Bd7 31. Be4 Be6 32. Rxd4 exd4 33. Qe2 Re7
34. Re1 Kf8 35. fxg4 Bxg4 36. Qf2+ Rf7 37. Qg3 Bc8 38. Qd6+ Re7 39. Qd8+ Kf7
40. Rf1+ 1-0

[Event "Russian Championship G19 2016"]
[Site "Loo"]
[Date "2016.04.23"]
[Round "4.9"]
[White "Diakonova, Ekaterina"]
[Black "Resmyatova, Antonina"]
[Result "1/2-1/2"]
[WhiteElo "2281"]
[BlackElo "2045"]
[PlyCount "202"]
[EventDate "2016.04.20"]

1. c4 e5 2. g3 g6 3. Bg2 Bg7 4. Nc3 d6 5. e3 f5 6. d3 Nf6 7. Nge2 O-O 8. O-O c6
9. b4 d5 10. cxd5 cxd5 11. d4 e4 12. Ba3 Nbd7 13. b5 Re8 14. Na4 a6 15. Qb3
axb5 16. Nac3 Nb6 17. Nxb5 Nc4 18. Bb4 Bd7 19. a4 Re6 20. Rfc1 Rea6 21. Nec3
Bc6 22. Qc2 Bh6 23. Bf1 Bxb5 24. Nxb5 Nxe3 25. Qc7 Nxf1 26. Rxf1 Qxc7 27. Nxc7
Rxa4 28. Nxa8 Rxb4 29. Rfb1 Bf8 30. Nc7 Rxd4 31. Rxb7 Rb4 32. Nb5 d4 33. Ra8 d3
34. Rd8 Rb2 35. Rbb8 Kg7 36. Rb7+ Kh6 37. Rxf8 d2 38. Nc3 Rxb7 39. Rxf6 Rc7 40.
Rd6 Rxc3 41. Rxd2 Kg5 42. Kg2 Kf6 43. Rd7 Rc2 44. Kf1 e3 45. fxe3 Rxh2 46. Kg1
Re2 47. Rxh7 Rxe3 48. Kf2 Ra3 49. Rh4 g5 50. Rb4 g4 51. Rc4 Ra2+ 52. Kf1 Ke5
53. Kg1 Rd2 54. Rf4 Ra2 55. Rb4 Rc2 56. Rf4 Rd2 57. Kh1 Rd4 58. Rf2 Ke4 59.
Rf4+ Ke5 60. Rf2 Rd5 61. Rf4 Rd2 62. Kg1 Re2 63. Rb4 Re4 64. Rb5+ Kf6 65. Kf2
Rd4 66. Ra5 Ke6 67. Kg2 Rd5 68. Ra4 Rd2+ 69. Kg1 Rd3 70. Kg2 Ke5 71. Rf4 Re3
72. Kh2 Re4 73. Rf2 Ke6 74. Ra2 Re5 75. Ra4 Kd5 76. Rf4 Re2+ 77. Kg1 Ke5 78.
Ra4 Rd2 79. Rf4 Rd1+ 80. Kg2 Rd3 81. Kh2 Rf3 82. Ra4 Kf6 83. Kg2 Kg5 84. Rb4
Rc3 85. Rb6 Rc5 86. Rb4 Rc2+ 87. Kg1 Kf6 88. Rb6+ Ke5 89. Rb4 Rc3 90. Kg2 Rf3
91. Ra4 Kd5 92. Rb4 Re3 93. Rf4 Re5 94. Kf2 Ke6 95. Ra4 Re4 96. Ra5 Rd4 97. Kg2
Rd2+ 98. Kg1 Rd3 99. Kg2 Rd4 100. Rb5 Rd2+ 101. Kg1 Rd4 1/2-1/2